Skip to main content
Your cart is empty.
Your lists
Log in to create your own lists
Your cookies
العربية
English
العربية
Home
Search
Advanced search
Authority search
About
The noble scholar, jurist, historian
His Excellency Dr. Abdul Wahhab bin Ibrahim Abu Sulaiman, may Allah have mercy on him.
He was born in Umm Al-Qura in the year 1356 AH.
Library catalog
Title
Author
Subject
ISBN
ISSN
Series
Call number
Log in to your account
×
Login:
Password:
Home
MARC view: إنارة الفكر بما هو الحق في كيفية الذكر /
Normal view
MARC view
ISBD view
إنارة الفكر بما هو الحق في كيفية الذكر / (Record no. 9618)
[
view plain
]
MARC details
000 -LEADER
fixed length control field
01852cam a2200361 i 4500
003 - CONTROL NUMBER IDENTIFIER
control field
SA-RiAUC
005 - DATE AND TIME OF LATEST TRANSACTION
control field
20250709054606.0
008 - FIXED-LENGTH DATA ELEMENTS--GENERAL INFORMATION
fixed length control field
250708s2001 su g 000r0 ara c
020 ## - INTERNATIONAL STANDARD BOOK NUMBER
International Standard Book Number
3038020699
020 ## - INTERNATIONAL STANDARD BOOK NUMBER
International Standard Book Number
9960208303
024 0# - OTHER STANDARD IDENTIFIER
Standard number or code
00000000297457
040 ## - CATALOGING SOURCE
Original cataloging agency
SA-RiAUC
Language of cataloging
ara
Transcribing agency
SA-RiAUC
Modifying agency
KAC
Description conventions
rda
050 #4 - LIBRARY OF CONGRESS CALL NUMBER
Item number
.B57 2001
082 04 - DEWEY DECIMAL CLASSIFICATION NUMBER
Classification number
237.3
Assigning agency
SA-RiAUC
090 ## - LOCALLY ASSIGNED LC-TYPE CALL NUMBER (OCLC); LOCAL CALL NUMBER (RLIN)
Classification number (OCLC) (R) ; Classification number, CALL (RLIN) (NR)
237.3
Local cutter number (OCLC) ; Book number/undivided call number, CALL (RLIN)
ب ق ا
100 1# - MAIN ENTRY--PERSONAL NAME
Personal name
البقاعي، إبراهيم بن عمر بن حسن،
Dates associated with a name
809-885 هجري
Relator term
مؤلف.
245 10 - TITLE STATEMENT
Title
إنارة الفكر بما هو الحق في كيفية الذكر /
Statement of responsibility, etc.
تأليف ناصر السنة وقامع برهان الدين البقاعي ؛ حققه وعلق عليه سليمان بن مسلم الحرش ؛ قدم له عبد القادر الأرناؤوط.
250 ## - EDITION STATEMENT
Edition statement
الطبعة الأولى.
264 #1 - PRODUCTION, PUBLICATION, DISTRIBUTION, MANUFACTURE, AND COPYRIGHT NOTICE
Place of production, publication, distribution, manufacture
الرياض :
Name of producer, publisher, distributor, manufacturer
مكتبة العبيكان،
Date of production, publication, distribution, manufacture, or copyright notice
2001
300 ## - PHYSICAL DESCRIPTION
Extent
140 صفحة ؛
Dimensions
24 × 17 سم
336 ## - CONTENT TYPE
Content type term
نص
Content type code
txt
Source
rdacontent
Materials specified
كتاب
337 ## - MEDIA TYPE
Media type term
بدون وسيط
Media type code
n
Source
rdamedia
338 ## - CARRIER TYPE
Carrier type term
مجلد
Carrier type code
nc
Source
rdacarrier
504 ## - BIBLIOGRAPHY, ETC. NOTE
Bibliography, etc. note
ببليوجرافية : صفحة 135-139
505 0# - FORMATTED CONTENTS NOTE
Formatted contents note
مقدمة فضيلة الشيخ عبد القادر الأرناؤوط-المقدمة-ترجمة المصنف-عملي في التحقيق-النص المحقق.
650 #7 - SUBJECT ADDED ENTRY--TOPICAL TERM
Topical term or geographic name entry element
البدع في الإسلام
Source of heading or term
aucsh
650 #7 - SUBJECT ADDED ENTRY--TOPICAL TERM
Topical term or geographic name entry element
الأدعية والأوراد
Source of heading or term
aucsh
700 1# - ADDED ENTRY--PERSONAL NAME
Personal name
الحرش، سليمان بن مسلم
Relator term
محقق.
700 1# - ADDED ENTRY--PERSONAL NAME
Personal name
الأرناؤوط، عبد القادر،
Dates associated with a name
1928-2004
Relator term
مقدم.
700 12 - ADDED ENTRY--PERSONAL NAME
Relationship information
تحقيق لـ (عمل) :
Personal name
البقاعي، إبراهيم بن عمر بن حسن،
Dates associated with a name
809-885 هجري.
Title of a work
إنارة الفكر بما هو الحق في كيفية الذكر
942 ## - ADDED ENTRY ELEMENTS (KOHA)
Source of classification or shelving scheme
Dewey Decimal Classification
Koha item type
Books
Suppress in OPAC
No
949 ## - LOCAL PROCESSING INFORMATION (OCLC)
a
SA-JeALM
d
250708
u
mohamedma123
n
1
Holdings
Withdrawn status
Lost status
Source of classification or shelving scheme
Damaged status
Not for loan
Home library
Current library
Date acquired
Total checkouts
Full call number
Barcode
Date last seen
Price effective from
Koha item type
Dewey Decimal Classification
DR AbdElwahab Library
DR AbdElwahab Library
07/09/2025
237.3 ب ق ا
000015659
07/09/2025
07/09/2025
Books
Dewey Decimal Classification
DR AbdElwahab Library
DR AbdElwahab Library
08/26/2025
237.3 ب ق ا
000018002
08/26/2025
08/26/2025
Books
Dewey Decimal Classification
DR AbdElwahab Library
DR AbdElwahab Library
10/19/2025
237.3 ب ق ا
000020337
10/19/2025
10/19/2025
Books
Place hold
Print
Add to your cart
(remove)
Save record
BIBTEX
Dublin Core
MARCXML
MARC (non-Unicode/MARC-8)
MARC (Unicode/UTF-8)
MARC (Unicode/UTF-8, Standard)
MODS (XML)
RIS
ISBD
More searches
Search for this title in:
Other Libraries (WorldCat)
Other Databases (Google Scholar)
Online Stores (Bookfinder.com)
Open Library (openlibrary.org)
Exporting to Dublin Core...
×
Simple DC-RDF
OAI-DC
SRW-DC